International business management (Record no. 629298)

MARC details
000 -LEADER
fixed length control field 00725nam a2200241Ia 4500
003 - CONTROL NUMBER IDENTIFIER
control field OSt
005 - DATE AND TIME OF LATEST TRANSACTION
control field 20220926014527.0
008 - FIXED-LENGTH DATA ELEMENTS--GENERAL INFORMATION
fixed length control field 220923b |||||||| |||| 00| 0 eng d
037 ## - SOURCE OF ACQUISITION
Terms of availability General Book
040 ## - CATALOGING SOURCE
Original cataloging agency RTL
Transcribing agency RTL
Language of cataloging eng
041 ## - LANGUAGE CODE
Source of code eng
Language code of text/sound track or separate title eng
100 ## - MAIN ENTRY--PERSONAL NAME
Personal name Fayerweather John
9 (RLIN) 126099
245 #0 - TITLE STATEMENT
Title International business management
Remainder of title A conceptual fr
260 ## - PUBLICATION, DISTRIBUTION, ETC.
Place of publication, distribution, etc. New York
Name of publisher, distributor, etc. McGraw-Hill
Date of publication, distribution, etc. 1969
300 ## - PHYSICAL DESCRIPTION
Extent xii,220p
Dimensions cm.
490 ## - SERIES STATEMENT
Series statement McGraw-Hill Series in International Business Ed by Franklin R Root
500 ## - GENERAL NOTE
General note Bibliography: P 209-212
942 ## - ADDED ENTRY ELEMENTS (KOHA)
Classification part X:8, K9
Koha item type General Books
Source of classification or shelving scheme Colon Classification (CC)
Holdings
Withdrawn status Lost status Damaged status Not for loan Home library Current library Date acquired Total Checkouts Full call number Barcode Date last seen Price effective from Koha item type
        Ratan Tata Library Ratan Tata Library 2022-09-26   X:8 K9 RT0055649 2022-09-26 2022-09-26 General Books
Copyright @ Delhi University Library System